Lecture notes on psychiatry / (Record no. 3639)
[ view plain ]
| 000 -LEADER | |
|---|---|
| fixed length control field | 00843nac a22002291u 4500 |
| 010 ## - LIBRARY OF CONGRESS CONTROL NUMBER | |
| LC control number | 75308052 |
| 020 ## - INTERNATIONAL STANDARD BOOK NUMBER | |
| International Standard Book Number | 0632024526 |
| 082 00 - DEWEY DECIMAL CLASSIFICATION NUMBER | |
| Classification number | 616.89 |
| Item number | W6791 |
| 090 ## - LOCALLY ASSIGNED LC-TYPE CALL NUMBER (OCLC); LOCAL CALL NUMBER (OCLC) | |
| -- | 3639 |
| -- | 3639 |
| 100 ## - MAIN ENTRY--PERSONAL NAME | |
| Personal name | Willis, James H. |
| 245 10 - TITLE STATEMENT | |
| Title | Lecture notes on psychiatry / |
| Statement of responsibility, etc | James Willis and J. A. Marks |
| 250 ## - EDITION STATEMENT | |
| Edition statement | 7th ed. |
| 260 ## - PUBLICATION, DISTRIBUTION, ETC. (IMPRINT) | |
| Place of publication, distribution, etc | Oxford [etc.] : |
| Name of publisher, distributor, etc | Blackwell Scientific,1989 |
| Date of publication, distribution, etc | 1989 |
| 300 ## - PHYSICAL DESCRIPTION | |
| Extent | xi, 123 p. ; |
| Dimensions | 20cm. |
| 500 ## - GENERAL NOTE | |
| General note | Distributed in the U.S.A. by J. B. Lippincott, Philadelphia. |
| 500 ## - GENERAL NOTE | |
| General note | Donations - Bibliotheca Alexandrina |
| 504 ## - BIBLIOGRAPHY, ETC. NOTE | |
| Bibliography, etc | Includes bibliographies and index. |
| 650 #0 - SUBJECT ADDED ENTRY--TOPICAL TERM | |
| Topical term or geographic name as entry element | Psychiatry |
| General subdivision | Outlines, syllabi, etc. |
| 700 ## - ADDED ENTRY--PERSONAL NAME | |
| Personal name | Marks, J. A. |
| 942 ## - ADDED ENTRY ELEMENTS (KOHA) | |
| Item type | Book - Borrowing |
| Call number prefix | 616.89W6791 |
| Withdrawn status | Item status | Source of classification or shelving scheme | Damaged status | Not for loan | Home library | Current library | Shelving location | Date acquired | Source of acquisition | Total Checkouts | Total Renewals | Full call number | Barcode | Date last seen | Date last borrowed | Koha item type |
|---|---|---|---|---|---|---|---|---|---|---|---|---|---|---|---|---|
| Dewey Decimal Classification | Central Library | Central Library | First floor | 03/05/2007 | Purchase | 1 | 2 | 616.89 WIL | 000030331 | 15/07/2025 | 20/04/2017 | Book - Borrowing |